| 000 | 00919nam a22001817a 4500 | ||
|---|---|---|---|
| 999 |
_c59512 _d59512 |
||
| 003 | Ge_BSU | ||
| 005 | 20230306150001.0 | ||
| 008 | 230306s1996 ge ||||| |||| 00| 0 geo d | ||
| 041 | _ageo | ||
| 080 | _a351.9 მ-54 | ||
| 100 |
_aმელქაძე, ოთარ _917113 |
||
| 245 |
_aსახელმწიფო კონტროლი: _bთეორია, პრაქტიკა, პერსპექტივა / _cოთარ მელქაძე ; მსოფლიო პარლამენტარიზმის კვლევ. ცენტრი. |
||
| 264 |
_aთბილისი: _bუფლება, _c1996. |
||
| 300 |
_a208 გვ. ; _b20 სმ. |
||
| 490 |
_aპოლიტიკურ-სამართლებრივი ლიტერატურის სერია ; _v წ. 4 |
||
| 653 | _aსახელმწიფო კონტროლი. | ||
| 942 |
_2udc _cBK |
||